Datum a čas kvízu
32
Celkem bodů
Celkový počet nahraných bodů na tomto kvízu bez doplňovacích otázek.
4.
Pořadí na kvízu
Konečné umístění týmu na tomto kvízu.
Zaznamenané odpovědi
| # | Otázka | Odpověď | Body | Výsledky |
|---|---|---|---|---|
| 1. | Velmi zvláštní oznámení řešili... | (bílého) klokana | 0 | |
| 2. | Jisté evropské město minulý tý... | Barcelona | 0 | |
| 3. | Jak se nazývá pražské muzeum,... | Museum Kampa | 0 | |
| 4. | Ve středu došlo na jedné ze so... | 1 | ||
| 5. | Univerzita v Manchesteru udělí... | Marcus Rashford | 1 | |
| 6. | Putování po našich dálnicích n... | Veveří | 1 | |
| 7. | Na D1 ještě zůstaneme. Již od... | U Rybiček | 1 | |
| 8. | Když pojedeme po D8, nemůžeme... | V tomto roce zde byl vyzvednut základní kámen pro stavbu Národního divadla. | 0 | |
| 9. | Po dálnici D10 se dostaneme až... | Kopicův statek | 0 | |
| 10. | Přiřaďte následující zajímavá... | 1A 2B 3C 4D | 0 |